|
|
|
|
| LEADER |
00000nam a2200000 a 4500 |
| 001 |
vtls009475011 |
| 003 |
SK-MaSNL |
| 005 |
20260301125846.0 |
| 008 |
240313 000 0 eng |
| 040 |
|
|
|a SNK
|b slo
|c SNK
|e AACR2
|
| 100 |
1 |
|
|a Kölesy, Carl Vinzenz
|4 aut
|9 476460
|
| 245 |
1 |
|
|a Ungrischen Plutarch oder Nachrichten von dem Leben merkwűrdiger Personen des Kőnigreichs Ungarn, ...
|n Vierter Band
|c Carl Vinzenz Kölesy
|
| 260 |
|
|
|a Pesth
|b Joseph Eggenberger, Buchhändler
|c 1816
|
| 300 |
|
|
|a 379 s.
|
| 999 |
|
|
|c 743713
|d 745643
|
| 952 |
|
|
|a SNK
|b SNK
|y PREZ
|7 0
|p 17A0611702
|o snkSC 7378/4
|i snkF 1916/67
|8 5
|3 rekatalogizácia
|0 0
|1 0
|4 0
|d 2009-02-19
|l 0
|r 2025-07-04 00:00:00
|w 2026-02-23
|